[Event "BCF-chT2b 1213 (4NCL)"]
[Site "England"]
[Date "2013.01.13"]
[Round "4.83"]
[White "Sayers, Raymond"]
[Black "Longson, Alexander"]
[Result "1/2-1/2"]
[WhiteElo "2126"]
[BlackElo "2270"]
[PlyCount "39"]
[EventDate "2012.11.03"]
[EventType "team-tourn"]
[EventRounds "7"]
[EventCountry "ENG"]
[SourceTitle "EXT 2014"]
[Source "ChessBase"]
[SourceDate "2013.11.20"]
[SourceVersion "1"]
[SourceVersionDate "2013.11.20"]
[SourceQuality "1"]
[WhiteTeam "North East England"]
[BlackTeam "3CS Oldham"]
[WhiteTeamCountry "ENG"]
[BlackTeamCountry "ENG"]

1. e4 e5 2. Nf3 Nc6 3. Bb5 a6 4. Bxc6 dxc6 5. d4 exd4 6. Qxd4 Qxd4 7. Nxd4 Bd7 8. Be3 0-0-0 9. Nc3 Bb4 10. Nde2 Ne7 11. a3 Bd6 12. Nf4 f5 13. 0-0-0 Be5 14. Nfe2 Ng6 15. exf5 Bxf5 16. Bd4 b6 17. Bxe5 Nxe5 18. Rxd8+ Rxd8 19. b3 a5 20. Re1 1/2-1/2

[Event "London Classic op 4th"]
[Site "London"]
[Date "2012.12.04"]
[Round "4"]
[White "Osborne, Marcus E"]
[Black "Sayers, Raymond"]
[Result "1/2-1/2"]
[WhiteElo "2280"]
[BlackElo "2153"]
[PlyCount "64"]
[EventDate "2012.12.01"]
[EventType "swiss"]
[EventRounds "9"]
[EventCountry "ENG"]
[SourceTitle "CBM 151 Extra"]
[Source "ChessBase"]
[SourceDate "2012.12.18"]
[SourceVersion "1"]
[SourceVersionDate "2012.12.18"]
[SourceQuality "1"]

1. c4 c6 2. Nf3 d5 3. e3 Nf6 4. Nc3 g6 5. d4 Bg7 6. Be2 0-0 7. 0-0 Bg4 8. Qb3 Qb6 9. Qa3 Re8 10. c5 Qc7 11. b4 Ne4 12. Bb2 Bxf3 13. gxf3 Nxc3 14. Bxc3 e5 15. dxe5 Bxe5 16. f4 Bxc3 17. Qxc3 Nd7 18. h4 h5 19. Kg2 Qd8 20. Rh1 Qf6 21. Qxf6 Nxf6 22. Kf3 Ne4 23. Rhg1 Kh7 24. Bd3 f5 25. Rg2 a5 26. Rag1 Re6 27. a3 axb4 28. axb4 Ra3 29. Ke2 Ra2+ 30. Ke1 Ra1+ 31. Ke2 Ra2+ 32. Ke1 Ra1+ 1/2-1/2

[Event "London Classic op 4th"]
[Site "London"]
[Date "2012.12.02"]
[Round "2"]
[White "Sayers, Raymond"]
[Black "Whatley, Stephen Arthur"]
[Result "1-0"]
[WhiteElo "2153"]
[BlackElo "1707"]
[PlyCount "55"]
[EventDate "2012.12.01"]
[EventType "swiss"]
[EventRounds "9"]
[EventCountry "ENG"]
[SourceTitle "CBM 151 Extra"]
[Source "ChessBase"]
[SourceDate "2012.12.18"]
[SourceVersion "1"]
[SourceVersionDate "2012.12.18"]
[SourceQuality "1"]

1. e4 c5 2. Nf3 Nc6 3. d4 cxd4 4. Nxd4 e6 5. Nb5 d6 6. c4 Nf6 7. N1c3 a6 8. Na3 Qc7 9. Be2 Be7 10. 0-0 0-0 11. Be3 Bd7 12. f4 Rac8 13. Bf3 Na5 14. Rc1 Qb8 15. c5 e5 16. fxe5 dxe5 17. Nd5 Nxd5 18. exd5 Bb5 19. Nxb5 axb5 20. d6 Bf6 21. Be4 Nc4 22. Rxc4 bxc4 23. Rxf6 Rce8 24. Rh6 gxh6 25. Qg4+ Kh8 26. Qf5 Kg7 27. Qxh7+ Kf6 28. Qxh6# 1-0

[Event "BCF-chT4 0304 (4NCL)"]
[Site "West Bromwich "]
[Date "2004.06.20"]
[Round "11.5"]
[White "Sayers, Raymond"]
[Black "Wright, Anthony"]
[Result "0-1"]
[WhiteElo "2140"]
[BlackElo "1880"]
[PlyCount "80"]
[EventDate "2003.10.??"]
[EventType "team"]
[EventRounds "11"]
[EventCountry "ENG"]
[SourceTitle "EXT 2005"]
[Source "ChessBase"]
[SourceDate "2004.11.15"]
[SourceVersion "1"]
[SourceVersionDate "2004.11.15"]
[SourceQuality "1"]
[WhiteTeam "Poisoned Pawns II"]
[BlackTeam "Nottinghamshire"]
[WhiteTeamCountry "ENG"]
[BlackTeamCountry "ENG"]

1. e4 e6 2. d4 d5 3. Nc3 Nf6 4. Bg5 Be7 5. e5 Nfd7 6. Bxe7 Qxe7 7. f4 a6 8. Qd2 c5 9. Nf3 Nc6 10. Ne2 b5 11. c3 Nb6 12. b3 Bd7 13. Ng3 c4 14. bxc4 Nxc4 15. Bxc4 bxc4 16. 0-0 Rb8 17. Qc2 g6 18. Rab1 0-0 19. Ng5 Qa3 20. Nh5 Rxb1 21. Rxb1 Rb8 22. Nf6+ Kg7 23. Nxd7 Rxb1+ 24. Qxb1 Qxc3 25. Nf3 Qe3+ 26. Kh1 c3 27. Nc5 Nxd4 28. Qg1 Qxg1+ 29. Nxg1 g5 30. Nb3 c2 31. Nc1 Kg6 32. g4 gxf4 33. Kg2 f6 34. exf6 Kxf6 35. Kf2 Kg5 36. h3 e5 37. Nge2 Nxe2 38. Kxe2 e4 39. Kd2 d4 40. Kxc2 f3 0-1